| 000 | 00401nam a22001217a 4500 | ||
|---|---|---|---|
| 999 |
_c9822 _d9822 |
||
| 003 | OSt | ||
| 008 | 201203b ||||| |||| 00| 0 eng d | ||
| 245 | _aThe ICFAI Journal of Systems Management | ||
| 250 | _a2008(Feb Vol.6 No.1, May Vol.6 No.2, Aug Vol.6 No.3, Nov Vol.6 No.4) 2007(Nov Vol.5 No.4) | ||
| 260 |
_bICFAI University Press _aHyderabad, Andhra Pradesh |
||
| 650 | _aManagement | ||
| 942 |
_2ddc _cBV |
||